Central Library OPAC University of Rajshahi

Governmental and nonprofit accounting : (Record no. 5)

MARC details
000 -LEADER
fixed length control field 01283nam a2200337 a 4500
001 - CONTROL NUMBER
control field 5
003 - CONTROL NUMBER IDENTIFIER
rucl marc code (BD-RjUL)
005 - DATE AND TIME OF LATEST TRANSACTION
control field 20211208233106.0
008 - FIXED-LENGTH DATA ELEMENTS--GENERAL INFORMATION
fixed length control field 140623s2011 maua 001 0 eng d
020 ## - INTERNATIONAL STANDARD BOOK NUMBER
International Standard Book Number 9780132106740 (pbk.)
International Standard Book Number 0132106744 (pbk.)
035 ## - SYSTEM CONTROL NUMBER
System control number ((BD-RjUL))6
040 ## - CATALOGING SOURCE
Original cataloging agency StEdALDL
Transcribing agency StEdALDL
Language of cataloging eng
Modifying agency BD-RjUL
041 ## - LANGUAGE CODE
Language code of text/sound track or separate title eng
082 ## - DEWEY DECIMAL CLASSIFICATION NUMBER
Edition number 22
Classification number 657.83500973
245 00 - TITLE STATEMENT
Title Governmental and nonprofit accounting :
Remainder of title theory and practice /
Statement of responsibility, etc. Robert J. Freeman ... [et al.]
250 ## - EDITION STATEMENT
Edition statement Rev. 9th ed.
260 ## - PUBLICATION, DISTRIBUTION, ETC. (IMPRINT)
Place of publication, distribution, etc. Boston ;
-- London :
Name of publisher, distributor, etc. Pearson,
Date of publication, distribution, etc. c2011.
300 ## - PHYSICAL DESCRIPTION
Pagination xxix, 849 p. :
Illustrations ill. ;
Size 28 cm.
500 ## - GENERAL NOTE
General note "Revised ninth edition includes GASB 54".
General note "International edition" -- Cover.
General note 9th ed. first published: 2009.
504 ## - BIBLIOGRAPHY, ETC. NOTE
Bibliography, etc Includes bibliographical references and index.
650 #0 - SUBJECT ADDED ENTRY--TOPICAL TERM
Topical term or geographic name as entry element Municipal finance
Geographic subdivision United States
General subdivision Accounting
Form subdivision Textbooks.
9 (RLIN) 110913
Topical term or geographic name as entry element Local finance
Geographic subdivision United States
General subdivision Accounting
Form subdivision Textbooks.
9 (RLIN) 110914
Topical term or geographic name as entry element Finance, Public
Geographic subdivision United States
General subdivision Accounting
Form subdivision Textbooks.
9 (RLIN) 110915
Topical term or geographic name as entry element Fund accounting
Geographic subdivision United States
Form subdivision Textbooks.
9 (RLIN) 110916
Topical term or geographic name as entry element Nonprofit organizations
Geographic subdivision United States
General subdivision Accounting
Form subdivision Textbooks.
9 (RLIN) 110917
700 1# - ADDED ENTRY--PERSONAL NAME
Personal name Freeman, Robert J.
942 ## - ADDED ENTRY ELEMENTS (KOHA)
Source of classification or shelving scheme Dewey Decimal Classification
Koha item type Books
Holdings
Lost status Source of classification or shelving scheme Damaged status Not for loan Permanent Location Current Location Shelving location Date acquired Source of acquisition Cost, normal purchase price Total Checkouts Full call number Date last seen Copy number Koha item type
  Dewey Decimal Classification   Not For Loan Central Library, University of Rajshahi Central Library, University of Rajshahi Reading Room 13/02/2013 Trim Education 5925.00   657.83500973 GOV 2011 24/06/2014 C-1 Books